[Event "IECC KO-2077"]
[Site "IECC email"]
[Date "2006.05.11"]
[Round "?"]
[White "Allain, Eric"]
[Black "Camps, Jean Pierre"]
[Result "0-1"]
[WhiteElo "1289"]
[BlackElo "1491"]
[PlyCount "44"]
[EventDate "2006.??.??"]
[EventType "match (corr)"]
[EventRounds "2"]
[SourceTitle "Corr 2020"]
[Source "ChessBase"]
[SourceDate "2019.09.30"]
[SourceVersion "1"]
[SourceVersionDate "2019.09.30"]
[SourceQuality "1"]
[WhiteTeam "United States"]
[BlackTeam "France"]
[WhiteTeamCountry "USA"]
[BlackTeamCountry "FRA"]

1. d4 Nf6 2. Nf3 g6 3. c4 d5 4. cxd5 Bg7 5. Qa4+ Bd7 6. Qb3 Bf5 7. Nc3 Qc8 8. Nh4 Bd7 9. e4 c6 10. Nf3 cxd5 11. e5 Ne4 12. Nxd5 Be6 13. Bd3 f5 14. exf6 Nxf6 15. Nc7+ Qxc7 16. Qxe6 Nc6 17. Ng5 Nd8 18. Bb5+ Nd7 19. Qd5 a6 20. Ba4 Qd6 21. Qxd6 exd6 22. 0-0 b5 0-1

[Event "IECC CL6-2006.03 email"]
[Site "IECC email"]
[Date "2006.03.20"]
[Round "?"]
[White "Allain, Eric"]
[Black "Detain, Tom"]
[Result "1-0"]
[WhiteElo "1307"]
[BlackElo "1237"]
[PlyCount "87"]
[EventDate "2006.??.??"]
[EventType "tourn (corr)"]
[EventRounds "4"]
[SourceTitle "Corr 2020"]
[Source "ChessBase"]
[SourceDate "2019.09.30"]
[SourceVersion "1"]
[SourceVersionDate "2019.09.30"]
[SourceQuality "1"]
[WhiteTeam "United States"]
[BlackTeam "England"]
[WhiteTeamCountry "USA"]
[BlackTeamCountry "ENG"]

1. d4 c5 2. d5 e6 3. c4 exd5 4. cxd5 d6 5. Nc3 Nf6 6. e4 g6 7. Nf3 Bg7 8. h3 0-0 9. Bd3 a6 10. a4 Nbd7 11. 0-0 Re8 12. Re1 b6 13. Bf4 Qc7 14. Qd2 Bb7 15. Bc4 Re7 16. e5 Rxe5 17. Nxe5 Nxe5 18. Bxe5 dxe5 19. Qg5 Re8 20. Rad1 Qd6 21. Qg3 Nh5 22. Ne4 Qd7 23. Qb3 Nf4 24. d6 Bxe4 25. Rxe4 b5 26. axb5 axb5 27. Bxb5 Qb7 28. d7 Rd8 29. f3 Qb6 30. Kh2 Ne6 31. Bc4 Qxb3 32. Bxb3 c4 33. Rxc4 Bh6 34. Rc8 Bg5 35. Rxd8+ Nxd8 36. Bd5 Be7 37. Rb1 Bd6 38. g3 Kf8 39. Bb3 Ke7 40. Ba4 Ne6 41. Rd1 Nd8 42. Kg2 Nb7 43. Bb5 Kd8 44. Bc6 1-0

[Event "IECC CL6-2006.03 email"]
[Site "IECC email"]
[Date "2006.03.20"]
[Round "?"]
[White "Allain, Eric"]
[Black "Marques, Joao Paulo Cassemir"]
[Result "0-1"]
[WhiteElo "1304"]
[BlackElo "1339"]
[PlyCount "64"]
[EventDate "2006.??.??"]
[EventType "tourn (corr)"]
[EventRounds "4"]
[SourceTitle "Corr 2015"]
[Source "ChessBase"]
[SourceDate "2015.07.17"]
[SourceVersion "1"]
[SourceVersionDate "2015.07.17"]
[SourceQuality "1"]

1. d4 d5 2. c4 e6 3. Nf3 Nf6 4. Nc3 c6 5. Bg5 Nbd7 6. cxd5 exd5 7. e3 Be7 8. Bd3 0-0 9. Qc2 Re8 10. 0-0 Nf8 11. Rab1 a5 12. a3 Ng6 13. b4 axb4 14. axb4 Ne4 15. Bxe7 Qxe7 16. Rfe1 Bg4 17. Bxe4 dxe4 18. Nd2 f5 19. b5 Qg5 20. Kh1 Nh4 21. Qb3+ Kh8 22. Rg1 Ng6 23. bxc6 bxc6 24. Nc4 Qe7 25. Qb4 Qc7 26. Qc5 Ne7 27. Nd6 Reb8 28. Qe5 Rxb1 29. Nf7+ Kg8 30. Qxc7 Rxg1+ 31. Kxg1 Ra1+ 32. Nd1 Rxd1# 0-1